000
00337nam a22001457a 4500
008
210305b ||||| |||| 00| 0 eng d
020
_a
0397541619
041
_a
eng
080
_2
3rd
_a
610.73
082
_a
610.73
100
_a
1
101
_a
INF
245
_a
Textbook of Medical-Surgical Nursing
_c
Brunner, L. SH
942
_2
udc
_c
BK
999
_c
55884
_d
55884